000 00821nam a2200253Ia 4500
003 OSt
005 20221005112824.0
006 a|||||r|||| 00| 0
007 ta
008 221004b |||||||| |||| 00| 0 pan d
020 _a9788182991088
_c150
024 _a105044
037 _b7830/VIII/A, 31/01/2011, Arsee Publishers
_cTextual
040 _aCRL
_cCRL
_bpan
041 _2pan
_apan
082 _aO153,1N50x, Q0
100 _aਨੀਰ, ਕਮੀਰ
245 0 _aਛਾਂ ਕਿੱਕਰਾਂ ਦੀ
260 _aਦਿੱਲੀ
_bਆਰਸੀ ਭਾਰਤ
_c2010
300 _a104ਪੰ
_ccm.
650 _aਪੰਜਾਬੀ ਸਾਹਿਤ
942 _hO153,1N50x, Q0
_cTEXL
_2cc
999 _c1026098
_d1026098